000 00772cam a2200253 a 4500
001 4490789
005 20171214070521.0
008 970806s1997 nyua b 001 0 eng
010 _a 97036623
020 _a0805741143
035 _a(DLC) 97036623
040 _aDLC
_cDLC
_dDLC
041 _aeng
043 _an-us---
080 _a32 HAW
082 0 0 _a32 HAW
_221
100 1 _a19
101 _aHIS
245 1 0 _aChildren between the wars :
_cJoseph M. Hawes.
504 _aIncludes bibliographical references (p. 152-161) and index.
906 _a7
_bcbc
_corignew
_d1
_eocip
_f19
_gy-gencatlg
942 _2ddc
_cBK
999 _c38929
_d38929